Orca / (Record no. 8750)

MARC details
000 -LEADER
fixed length control field 00946nam a22002657a 4500
001 - CONTROL NUMBER
control field 8750
003 - CONTROL NUMBER IDENTIFIER
control field FISKH
005 - DATE AND TIME OF LATEST TRANSACTION
control field 20251016151344.0
008 - FIXED-LENGTH DATA ELEMENTS--GENERAL INFORMATION
fixed length control field 251016b cb ||||| |||| 00| 0 eng d
020 ## - INTERNATIONAL STANDARD BOOK NUMBER
International Standard Book Number 9780194234245
040 ## - CATALOGING SOURCE
Original cataloging agency FISKH
Language of cataloging eng
Transcribing agency FISKH
Modifying agency FISKH
050 ## - LIBRARY OF CONGRESS CALL NUMBER
Classification number PE1126.A4 B873
082 ## - DEWEY DECIMAL CLASSIFICATION NUMBER
Classification number 428.6
100 ## - MAIN ENTRY--PERSONAL NAME
Personal name Burrows, Phillip
Relator term Author
245 ## - TITLE STATEMENT
Title Orca /
Statement of responsibility, etc. Phillip Burrows and Mark Foster
260 ## - PUBLICATION, DISTRIBUTION, ETC.
Place of publication, distribution, etc. New York :
Name of publisher, distributor, etc. Oxford University ,
Date of publication, distribution, etc. 2004
300 ## - PHYSICAL DESCRIPTION
Extent 40 pages :
Other physical details color illustrations ;
Dimensions 20 cm
505 ## - FORMATTED CONTENTS NOTE
Formatted contents note E<br/>
520 ## - SUMMARY, ETC.
Summary, etc. When Tonya and her friends decide to sail around the world they want to see exciting things and visit exciting places.But one day, they meet an orca - a killer whale - one of the most dangerous animals in the sea. And life gets a little too exciting.<br/>
521 8# - TARGET AUDIENCE NOTE
Target audience note 310<br/>
Source Lexile<br/>
521 8# - TARGET AUDIENCE NOTE
Target audience note E<br/>
Source Raz-Plus<br/>
650 ## - SUBJECT ADDED ENTRY--TOPICAL TERM
Topical term or geographic name entry element Beginner
Form subdivision Easy reading
942 ## - ADDED ENTRY ELEMENTS (KOHA)
Source of classification or shelving scheme Dewey Decimal Classification
Koha item type Books
Suppress in OPAC No
Holdings
Withdrawn status Lost status Source of classification or shelving scheme Damaged status Not for loan Home library Current library Shelving location Date acquired Total Checkouts Full call number Barcode Date last seen Copy number Price effective from Koha item type
    Dewey Decimal Classification     Footprints International School Library Network Toul Tom Poung Campus Footprints International School Library Network Toul Tom Poung Campus TTP Primary Green Bookshelves 10/16/2025   BUR 428.6 PE1126.A4 B873 2025-4648 10/16/2025 1 10/16/2025 Books